Global economic crime survey March 2010 (Record no. 110737)

MARC details
000 -LEADER
fixed length control field 01158cad a22002415a 4500
001 - CONTROL NUMBER
control field L150114
008 - FIXED-LENGTH DATA ELEMENTS--GENERAL INFORMATION
fixed length control field 100604s2010 xxk f 000 0 eng d
035 ## - SYSTEM CONTROL NUMBER
System control number (Sirsi) u150114
041 0# - LANGUAGE CODE
Language code of text/sound track or separate title eng
050 04 - LIBRARY OF CONGRESS CALL NUMBER
Classification number 364.163 $1 8
110 2# - MAIN ENTRY--CORPORATE NAME
Corporate name or jurisdiction name as entry element PriceWaterhouseCoopers
9 (RLIN) 3793
245 00 - TITLE STATEMENT
Title Global economic crime survey March 2010
Remainder of title engineering and construction sector summary
Medium [electronic resource]
260 ## - PUBLICATION, DISTRIBUTION, ETC.
Place of publication, distribution, etc. London
Name of publisher, distributor, etc. PwC
Date of publication, distribution, etc. 2010
490 #0 - SERIES STATEMENT
Series statement pwc.com/crimesurvey
520 ## - SUMMARY, ETC.
Summary, etc. Global survey of over 3,000 senior employees in the construction industry reveals levels of bribery are nearly double the level in other industries; examines factors contributing to fraud, consequences, detection methods, case studies, graphs comparing engineering and construction with all other industries, changing worldwide trends; corruption.
590 ## - LOCAL NOTE (RLIN)
Local note KA NTK
651 #4 - SUBJECT ADDED ENTRY--GEOGRAPHIC NAME
Geographic name International
690 ## - LOCAL SUBJECT ADDED ENTRY--TOPICAL TERM (OCLC, RLIN)
Topical term or geographic name as entry element LAW-INTERNATIONAL
690 ## - LOCAL SUBJECT ADDED ENTRY--TOPICAL TERM (OCLC, RLIN)
Topical term or geographic name as entry element MANAGEMENT-FINANCIAL MANAGEMENT-BUSINESS MANAGEMENT
690 ## - LOCAL SUBJECT ADDED ENTRY--TOPICAL TERM (OCLC, RLIN)
Topical term or geographic name as entry element BRIBERY
856 48 - ELECTRONIC LOCATION AND ACCESS
Uniform Resource Identifier <a href="https://www.pwc.co.uk/pdf/engineering_constuction_summary_GECS_042010.pdf ">https://www.pwc.co.uk/pdf/engineering_constuction_summary_GECS_042010.pdf </a>
Public note View this item free of charge at www.pwc.co.uk
942 ## - ADDED ENTRY ELEMENTS (KOHA)
Suppress in OPAC 0
Holdings
Withdrawn status Lost status Source of classification or shelving scheme Damaged status Not for loan Home library Current library Shelving location Date acquired Total Checkouts Full call number Barcode Date last seen Copy number Price effective from Koha item type
    Dewey Decimal Classification     Virtual Virtual Online 04/06/2010   ONLINE PUBLICATION 150114-1001 06/08/2019 1 06/08/2019 Book